书目信息 |
| 题名: |
结构力学
|
|
| 作者: | 胡兴国 , 吴莹 主编 | |
| 分册: | ||
| 出版信息: | 武汉 武汉工业大学出版社 1997.12 |
|
| 页数: | 314页 | |
| 开本: | 26cm | |
| 丛书名: | ||
| 单 册: | ||
| 中图分类: | TU311 | |
| 科图分类: | ||
| 主题词: | 建筑结构--理论 , 建筑结构--结构计算 | |
| 电子资源: | ||
| ISBN: | 7-5629-1786-8 | |
| 000 | 00635nam0 2200229 45 | |
| 001 | 0257951188 | |
| 005 | 20091215115207.04 | |
| 010 | @a7-5629-1786-8@dCNY 20.00 | |
| 100 | @a20020408d1997 km y0chiy0120 ea | |
| 101 | 0 | @achi |
| 102 | @aCN@b420000 | |
| 200 | 1 | @a结构力学@Ajie gou li xue@f胡兴国,吴莹主编@FHu Xing Guo,Wu Ying Zhu Bian |
| 205 | @a2版 | |
| 210 | @a武汉@c武汉工业大学出版社@d1997.12 | |
| 215 | @a314页@d26cm | |
| 606 | 0 | @a建筑结构@x理论 |
| 606 | 0 | @a建筑结构@x结构计算 |
| 690 | @aTU311@v3 | |
| 701 | 0 | @a胡兴国@AHu Xing Guo@4主编 |
| 701 | 0 | @a吴莹@AWu Ying@4主编 |
| 801 | 0 | @aCN@c20091215 |
| 905 | @dTU311@eH5121=2 | |
| 结构力学/胡兴国,吴莹主编.-2版.-武汉:武汉工业大学出版社,1997.12 |
| 314页;26cm |
| ISBN 7-5629-1786-8:CNY 20.00 |
| ● |
| 相关链接 |
|
|
|
正题名:结构力学
索取号:TU311/H5121=2
 
预约/预借
| 序号 | 登录号 | 条形码 | 馆藏地/架位号 | 状态 | 备注 |
| 1 | 356353 | 203563535 | 土木与交通工程学院资料室/土木与交通学院资料室 1排1列1层/ [索取号:TU311/H5121=2] | 在馆 | |
| 2 | 356354 | 203563544 | 土木与交通工程学院资料室/土木与交通学院资料室 1排1列1层/ [索取号:TU311/H5121=2] | 在馆 | |
| 3 | 362573 | 203625737 | 自科二线404/404自科库 4排3列5层/ [索取号:TU311/H5121=2] | 在馆 | |
| 4 | 435946 | 204359461 | 建筑库101/101建筑库 77排3列1层/ [索取号:TU311/H5121=2] | 在馆 | |
| 5 | 435947 | 204359470 | 建筑库101/ [索取号:TU311/H5121=2] | 在馆 | |
| 6 | 435948 | 204359489 | 建筑库101/101建筑库 77排3列1层/ [索取号:TU311/H5121=2] | 在馆 | |
| 7 | 458740 | 204587401 | 自科二线404/404自科库 26排3列1层/ [索取号:TU311/H5121=2] | 在馆 | |
| 8 | 458741 | 204587410 | 自科二线404/404自科库 27排2列4层/ [索取号:TU311/H5121=2] | 在馆 | |
| 9 | 458742 | 204587429 | 自科二线404/404自科库 27排2列4层/ [索取号:TU311/H5121=2] | 在馆 | |
| 10 | 458743 | 204587438 | 自科二线404/404自科库 26排3列1层/ [索取号:TU311/H5121=2] | 在馆 | |
| 11 | 458744 | 204587447 | 自科二线404/404自科库 27排2列4层/ [索取号:TU311/H5121=2] | 在馆 | |
| 12 | 458745 | 204587456 | 自科二线404/404自科库 27排2列4层/ [索取号:TU311/H5121=2] | 在馆 | |
| 13 | 458746 | 204587465 | 自科二线404/404自科库 26排3列1层/ [索取号:TU311/H5121=2] | 在馆 | |
| 14 | 458747 | 204587474 | 自科二线404/404自科库 27排2列4层/ [索取号:TU311/H5121=2] | 在馆 | |
| 15 | 458748 | 204587483 | 自科二线404/404自科库 27排2列4层/ [索取号:TU311/H5121=2] | 在馆 | |
| 16 | 458749 | 204587492 | 自科二线404/404自科库 26排3列1层/ [索取号:TU311/H5121=2] | 在馆 | |
| 17 | 458750 | 204587508 | 自科二线404/404自科库 26排3列1层/ [索取号:TU311/H5121=2] | 在馆 | |
| 18 | 458751 | 204587517 | 土木与交通工程学院资料室/土木与交通学院资料室 1排1列1层/ [索取号:TU311/H5121=2] | 在馆 | |
| 19 | 459105 | 204591058 | 建筑库101/101建筑库 77排3列1层/ [索取号:TU311/H5121=2] | 在馆 | |
| 20 | 459106 | 204591067 | 自科二线404/404自科库 26排3列1层/ [索取号:TU311/H5121=2] | 在馆 | |
| 21 | 459107 | 204591076 | 自科二线404/404自科库 26排3列1层/ [索取号:TU311/H5121=2] | 在馆 | |
| 22 | 459108 | 204591085 | 自科二线404/404自科库 26排3列1层/ [索取号:TU311/H5121=2] | 在馆 | |
| 23 | 459109 | 204591094 | 建筑库101/ [索取号:TU311/H5121=2] | 在馆 | |
| 24 | 459110 | 204591101 | 土木与交通工程学院资料室/土木与交通学院资料室 1排1列1层/ [索取号:TU311/H5121=2] | 在馆 | |
| 25 | 459111 | 204591110 | 建筑库101/101建筑库 77排3列1层/ [索取号:TU311/H5121=2] | 在馆 | |
| 26 | 459112 | 204591129 | 自科二线404/404自科库 4排3列5层/ [索取号:TU311/H5121=2] | 在馆 | |
| 27 | 459113 | 204591138 | 土木与交通工程学院资料室/土木与交通学院资料室 1排1列1层/ [索取号:TU311/H5121=2] | 在馆 |